000 00606nam a2200169 4500
001 122251
003 ES-MaACL
005 20230906191935.0
007 t|
008 070214s1975 sp r ||||1| spa d
100 1 _aPrieto Escudero, Germán.
_993926
245 1 0 _aFenomenología sociológica en la asistencia sanitaria de la Seguridad Social /
_cGermán Prieto Escudero.
260 _aMadrid :
_b[s. n.],
_c1975 (
_fHijos de E. Minuesa)
300 _a20 p. ;
_c24 cm.
500 _aEs tirada aparte de: Revista Iberoamericana de Seguridad Social, nº 2, 1975.
852 _aES-MaACL
_j2069-F-22
_bR.92151
999 _c122251
_d122251